<?xml version="1.0" encoding="UTF-8"?><?xml-stylesheet type="text/xsl" href="static/style.xsl"?><OAI-PMH xmlns="http://www.openarchives.org/OAI/2.0/" xmlns:xsi="http://www.w3.org/2001/XMLSchema-instance" xsi:schemaLocation="http://www.openarchives.org/OAI/2.0/ http://www.openarchives.org/OAI/2.0/OAI-PMH.xsd"><responseDate>2026-06-05T14:22:57Z</responseDate><request verb="GetRecord" identifier="oai:riuma.uma.es:10630/8472" metadataPrefix="marc">https://riuma.uma.es/rest/oai/request</request><GetRecord><record><header><identifier>oai:riuma.uma.es:10630/8472</identifier><datestamp>2026-02-03T12:07:50Z</datestamp><setSpec>com_10630_2254</setSpec><setSpec>col_10630_37959</setSpec></header><metadata><record xmlns="http://www.loc.gov/MARC21/slim" xmlns:dcterms="http://purl.org/dc/terms/" xmlns:doc="http://www.lyncode.com/xoai" xmlns:xsi="http://www.w3.org/2001/XMLSchema-instance" xsi:schemaLocation="http://www.loc.gov/MARC21/slim http://www.loc.gov/standards/marcxml/schema/MARC21slim.xsd">
   <leader>00925njm 22002777a 4500</leader>
   <datafield ind2=" " ind1=" " tag="042">
      <subfield code="a">dc</subfield>
   </datafield>
   <datafield ind2=" " ind1=" " tag="720">
      <subfield code="a">Chalmeta Gendrón, Pedro</subfield>
      <subfield code="e">author</subfield>
   </datafield>
   <datafield ind2=" " ind1=" " tag="260">
      <subfield code="c">2014-11-24</subfield>
   </datafield>
   <datafield ind2=" " ind1=" " tag="520">
      <subfield code="a">El almotacén jubilado Muḥammad al-Saqaṭī al-Mālaqī tuvo la feliz idea de legarnos sus 'memorias profesionales'. Un libro excepcional que no admite parangon con ningun otr obra (occidental ni oriental) de gobierno del zoco / ḥisbat al-sūq. Detallando "como actuan los corruptos vendedores y artesanos de los zocos, sus fraudes y menguas al medir y pesar, las tretas y engaños que utilizan en sus transacciones para timar a las gentes, sus ardides en sus ofertas y tratos con los clientes". Un manual descriptivo que sirviera de 'curso de formación profesional' para quienes fueran a desempeñar el cargo. De paso, nos da a conocer la práctica local, el consumo, nivel y vida socio-económica, una serie de recetas, etc.</subfield>
   </datafield>
   <datafield ind1="8" ind2=" " tag="024">
      <subfield code="a">http://hdl.handle.net/10630/8472</subfield>
   </datafield>
   <datafield tag="653" ind2=" " ind1=" ">
      <subfield code="a">España - Historia - 0711-1492, Epoca musulmana</subfield>
   </datafield>
   <datafield tag="653" ind2=" " ind1=" ">
      <subfield code="a">Al-Andalus</subfield>
   </datafield>
   <datafield ind2="0" ind1="0" tag="245">
      <subfield code="a">Málaga a través de la obra de al-Saqati al-Malaqi</subfield>
   </datafield>
</record>
</metadata></record></GetRecord></OAI-PMH>